| 000 | 00338nam a2200145Ia 4500 | ||
|---|---|---|---|
| 008 | 230711s9999||||xx |||||||||||||| ||und|| | ||
| 041 | _aENG | ||
| 082 |
_a624 _bIC-C |
||
| 100 | _aICEC | ||
| 245 | 0 | _aCivil engineers for management | |
| 250 | _a1st | ||
| 260 |
_c1986 _aLondon _bThomas Telford |
||
| 650 | _aCivil Engineering | ||
| 942 | _cBK | ||
| 999 |
_c1106 _d1106 |
||